Detalles MARC
| 000 -Cabecera |
| Campo de control de longitud fija |
01451nam a22004937a 4500 |
| 005 - Fecha y hora de la última transacción |
| Campo de control |
20230830112325.0 |
| 008 - Elementos de longitud fija--Información general |
| Campo de control de longitud fija |
230228b2019 |||||||| |||| 00| 0 spa d |
| 020 ## - International Standard Book Number |
| Número Internacional Estándar del Libro (ISBN) |
9788416228478 |
| 041 ## - Idioma |
| Código de idioma |
Español |
| 082 ## - Clasificación Decimal Dewey |
| Número de clasificación |
621.381.5 F812c2 |
| 100 ## - Entrada principal--Autor personal |
| Nombre personal |
Fraile Mora, Jesús |
| 245 ## - Título propiamente dicho |
| Título |
Circuitos eléctricos |
| 250 ## - Edición |
| Mención de edición |
2 edición |
| 260 ## - Pie de imprenta |
| Lugar de publicación, distribución, etc. |
España |
| 260 ## - Pie de imprenta |
| Nombre del editor, distribuidor, etc. |
Ibergarceta Publicaciones |
| 260 ## - Pie de imprenta |
| Fecha de publicación, distribución, etc. |
2019 |
| 300 ## - Descripción física |
| Extensión |
638 páginas |
| 650 ## - Materia general |
| Temática (materia general) |
ELECTRÓNICA |
| 650 ## - Materia general |
| Temática (materia general) |
CIRCUITOS ELÉCTRICOS |
| 650 ## - Materia general |
| Temática (materia general) |
CORRIENTE ELÉCTRICA |
| 650 ## - Materia general |
| Temática (materia general) |
LEMAS DE KIRCHHOFF |
| 650 ## - Materia general |
| Temática (materia general) |
TEOREMA DE KENNELLY |
| 650 ## - Materia general |
| Temática (materia general) |
ANÁLISIS DE CIRCUITOS |
| 650 ## - Materia general |
| Temática (materia general) |
PRINCIPIO DE SUPERPOSICIÓN |
| 650 ## - Materia general |
| Temática (materia general) |
TEOREMA DE THÉVENIN |
| 650 ## - Materia general |
| Temática (materia general) |
TEOREMA DE NORTON |
| 650 ## - Materia general |
| Temática (materia general) |
TEOREMA DE MILLMAN |
| 650 ## - Materia general |
| Temática (materia general) |
TEOREMA DE TELLEGEN |
| 650 ## - Materia general |
| Temática (materia general) |
AMPLIFICADOR OPERACIONAL |
| 650 ## - Materia general |
| Temática (materia general) |
CIRCUITOS DE CORRIENTE ALTERNA |
| 650 ## - Materia general |
| Temática (materia general) |
ONDA SINUSOIDAL |
| 650 ## - Materia general |
| Temática (materia general) |
COEFICIENTE DE FOURIER |
| 650 ## - Materia general |
| Temática (materia general) |
CIRCUITOS TRIFÁSICOS |
| 650 ## - Materia general |
| Temática (materia general) |
RÉGIMEN TRANSITORIO |
| 650 ## - Materia general |
| Temática (materia general) |
TRANSFORMADA DE LAPLACE |
| 650 ## - Materia general |
| Temática (materia general) |
LEY DE OHM |
| 650 ## - Materia general |
| Temática (materia general) |
SISTEMAS POLIFÁSICOS |
| 650 ## - Materia general |
| Temática (materia general) |
CÁLCULO OPERACIONAL DE HEAVISIDE |
| 650 ## - Materia general |
| Temática (materia general) |
INNOVACIONES ELÉCTRICAS |
| 650 ## - Materia general |
| Temática (materia general) |
CIRCUITOS ACTIVOS |
| 650 ## - Materia general |
| Temática (materia general) |
TEOREMA DE CIRCUITOS |
| 942 ## - Punto de acceso adicional KOHA |
| Tipo de ítem KOHA |
Libro |
| Fuente del sistema de clasificación o colocación |
Dewey Decimal Classification |